000
00288nam a22001097a 4500
008
230620b xxu||||| |||| 00| 0 eng d
082
_a
322.42
_b
NDJ 1991
245
_a
Revolution and Creation
260
_a
Korea
_b
Foreign Languages Publishing House
_c
1991
300
_a
231p
942
_2
ddc
_c
BK
999
_c
1749
_d
1749